[Event "Steinfurt Bezirksklasse 1112"]
[Site "Germany"]
[Date "2012.05.19"]
[Round "9.6"]
[White "Hoesker, Lothar"]
[Black "Brehe, Kai"]
[Result "1-0"]
[WhiteElo "1465"]
[BlackElo "816"]
[PlyCount "53"]
[EventDate "2011.09.24"]
[EventType "team-tourn"]
[EventRounds "9"]
[EventCountry "GER"]
[SourceTitle "EXT 2013"]
[Source "ChessBase"]
[SourceDate "2012.11.22"]
[SourceVersion "1"]
[SourceVersionDate "2012.11.22"]
[SourceQuality "1"]
[WhiteTeam "Reckenfeld II"]
[BlackTeam "Emsdetten Turm IV"]
[WhiteTeamCountry "GER"]
[BlackTeamCountry "GER"]

1. d4 e6 2. c4 Nf6 3. Nc3 Bb4 4. Bd2 Nc6 5. e3 0-0 6. g3 Bxc3 7. Bxc3 Qe7 8. Bg2 Nb4 9. a3 Na6 10. Ne2 c6 11. 0-0 Nc7 12. Bb4 d6 13. c5 a5 14. cxd6 Qd7 15. Bc5 Na6 16. Nc3 Nxc5 17. dxc5 b5 18. cxb6 Rd8 19. Na4 Qxd6 20. Qxd6 Rxd6 21. Nc5 Rb8 22. Rad1 Rxd1 23. Rxd1 Bb7 24. Nxb7 Rf8 25. Bxc6 g6 26. Rd8 Rxd8 27. Nxd8 1-0